[Event "Ruhrgebiet VK3 0001"]
[Site "Ruhrgebiet"]
[Date "2001.03.18"]
[Round "7"]
[White "Schnelting, Michael"]
[Black "Feldmann, Hans Joachim"]
[Result "1/2-1/2"]
[WhiteElo "1942"]
[BlackElo "1889"]
[PlyCount "78"]
[EventDate "2000.09.17"]
[EventType "team-tourn"]
[EventRounds "9"]
[EventCountry "GER"]
[SourceTitle "EXT 2023"]
[Source "ChessBase"]
[SourceDate "2022.10.05"]
[SourceVersion "1"]
[SourceVersionDate "2022.10.05"]
[SourceQuality "1"]
[WhiteTeam "Werne SK"]
[BlackTeam "Castrop Rauxel III"]
[WhiteTeamCountry "GER"]
[BlackTeamCountry "GER"]

1. c4 c5 2. Nc3 b6 3. d4 cxd4 4. Qxd4 Bb7 5. Nf3 Nf6 6. g3 e6 7. Bg2 Be7 8. 0-0 0-0 9. e4 d6 10. b3 Nbd7 11. Bb2 a6 12. Rad1 Qc7 13. Rd2 Rac8 14. Rfd1 Qb8 15. h3 Ba8 16. Kh2 b5 17. cxb5 axb5 18. Ne1 b4 19. Ne2 d5 20. exd5 Bc5 21. Qf4 Bxd5 22. Bxd5 Nxd5 23. Qg5 f6 24. Qg4 Qb6 25. Rxd5 exd5 26. Qxd7 Bxf2 27. Qxd5+ Kh8 28. Bd4 Qa6 29. Bxf2 Qxe2 30. Rd2 Qe7 31. Qf3 Rc3 32. Qd1 h6 33. Nf3 Qe4 34. Nh4 Re8 35. Bd4 Rc6 36. Qf3 Rc2 37. Qxe4 Rxd2+ 38. Qg2 Rxg2+ 39. Kxg2 Re2+ 1/2-1/2

[Event "Ruhrgebiet VK3 0001"]
[Site "Ruhrgebiet"]
[Date "2000.12.10"]
[Round "4"]
[White "Artz, Klaus"]
[Black "Schnelting, Michael"]
[Result "0-1"]
[WhiteElo "1784"]
[BlackElo "1942"]
[PlyCount "92"]
[EventDate "2000.09.17"]
[EventType "team-tourn"]
[EventRounds "9"]
[EventCountry "GER"]
[SourceTitle "EXT 2023"]
[Source "ChessBase"]
[SourceDate "2022.10.05"]
[SourceVersion "1"]
[SourceVersionDate "2022.10.05"]
[SourceQuality "1"]
[WhiteTeam "Bochum Post II"]
[BlackTeam "Werne SK"]
[WhiteTeamCountry "GER"]
[BlackTeamCountry "GER"]

1. c4 e5 2. Nc3 d6 3. g3 g6 4. Bg2 Bg7 5. e4 Ne7 6. Nge2 0-0 7. 0-0 c5 8. d3 Nbc6 9. Be3 Rb8 10. Rb1 a6 11. a3 a5 12. Qd2 Bd7 13. f3 Be6 14. g4 Qd7 15. Bh6 f6 16. Bxg7 Kxg7 17. Ng3 Nd4 18. b3 b5 19. Nce2 a4 20. Nxd4 cxd4 21. bxa4 bxc4 22. dxc4 Qxa4 23. Rb4 Qxa3 24. Rfb1 Nc6 25. Rb7+ Bf7 26. g5 Rxb7 27. Rxb7 Rb8 28. Rxb8 Nxb8 29. gxf6+ Kxf6 30. Qh6 Ke7 31. h4 Nc6 32. h5 Qe3+ 33. Qxe3 dxe3 34. hxg6 hxg6 35. Bf1 Na5 36. Be2 Bxc4 37. Kf1 Kf6 38. Ke1 Kg5 39. Bxc4 Nxc4 40. Ke2 Kf4 41. Nf1 g5 42. Nh2 Nd2 43. Ng4 Nxf3 44. Nxe3 Kxe4 45. Nc4 d5 46. Nd2+ Nxd2 0-1

[Event "Ruhrgebiet VK3 0001"]
[Site "Ruhrgebiet"]
[Date "2000.11.19"]
[Round "3"]
[White "Schnelting, Michael"]
[Black "Flasskamp, Juergen"]
[Result "1-0"]
[WhiteElo "1942"]
[BlackElo "1810"]
[PlyCount "61"]
[EventDate "2000.09.17"]
[EventType "team-tourn"]
[EventRounds "9"]
[EventCountry "GER"]
[SourceTitle "EXT 2023"]
[Source "ChessBase"]
[SourceDate "2022.10.05"]
[SourceVersion "1"]
[SourceVersionDate "2022.10.05"]
[SourceQuality "1"]
[WhiteTeam "Werne SK"]
[BlackTeam "Kirchhellen SF"]
[WhiteTeamCountry "GER"]
[BlackTeamCountry "GER"]

1. c4 e5 2. Nc3 d6 3. Nf3 f5 4. g3 Nf6 5. Bg2 Be7 6. 0-0 0-0 7. d3 Nc6 8. Rb1 a5 9. a3 Kh8 10. b4 axb4 11. axb4 Bd7 12. b5 Nb8 13. Nd5 Nxd5 14. cxd5 c6 15. dxc6 bxc6 16. Nd2 Ra5 17. bxc6 Nxc6 18. Nc4 Ra6 19. Bb2 Qe8 20. Ra1 Rxa1 21. Qxa1 Nd8 22. f4 Nf7 23. fxe5 dxe5 24. Nxe5 Nxe5 25. Bxe5 Bf6 26. Bxf6 Rxf6 27. Qd4 Qe7 28. Bf3 h6 29. Rc1 Rd6 30. Qa7 Ra6 31. Rc8+ 1-0

[Event "Ruhrgebiet VK1 9900"]
[Site "Ruhrgebiet"]
[Date "2000.05.21"]
[Round "9"]
[White "Schnelting, Michael"]
[Black "Knackstedt, Ulf"]
[Result "1/2-1/2"]
[WhiteElo "1965"]
[BlackElo "1765"]
[PlyCount "43"]
[EventDate "1999.09.19"]
[EventType "team-tourn"]
[EventRounds "9"]
[EventCountry "GER"]
[SourceTitle "EXT 2024"]
[Source "ChessBase"]
[SourceDate "2023.10.10"]
[SourceVersion "1"]
[SourceVersionDate "2023.10.10"]
[SourceQuality "1"]

1. c4 Nf6 2. Nc3 e6 3. e4 d5 4. e5 d4 5. exf6 dxc3 6. bxc3 Qxf6 7. d4 c5 8. Nf3 cxd4 9. cxd4 Bb4+ 10. Bd2 Bxd2+ 11. Qxd2 0-0 12. Be2 Nc6 13. 0-0 Rd8 14. Rfd1 b6 15. Qe3 Ne7 16. Rd2 Bb7 17. Rad1 Rd6 18. Qa3 Rad8 19. Ne5 Ng6 20. Nxg6 Qxg6 21. f3 Qg5 22. Rd3 1/2-1/2

[Event "Ruhrgebiet VK1 9900"]
[Site "Ruhrgebiet"]
[Date "2000.04.16"]
[Round "8"]
[White "Wiktor, Reinhard"]
[Black "Schnelting, Michael"]
[Result "1-0"]
[WhiteElo "1867"]
[BlackElo "1965"]
[PlyCount "51"]
[EventDate "1999.09.19"]
[EventType "team-tourn"]
[EventRounds "9"]
[EventCountry "GER"]
[SourceTitle "EXT 2024"]
[Source "ChessBase"]
[SourceDate "2023.10.10"]
[SourceVersion "1"]
[SourceVersionDate "2023.10.10"]
[SourceQuality "1"]

1. d4 c5 2. d5 e5 3. g3 d6 4. Bg2 g6 5. h4 h5 6. Nh3 Bg7 7. 0-0 Nh6 8. c4 0-0 9. Nc3 Nf5 10. Ng5 Nd7 11. e3 a6 12. a4 Rb8 13. Qe2 Nf6 14. Bd2 Bd7 15. Nce4 Qc7 16. Bc3 b5 17. Rfd1 Rfe8 18. axb5 axb5 19. cxb5 Bxb5 20. Qd2 Bc4 21. Nxf6+ Bxf6 22. Ne4 Bg7 23. b4 cxb4 24. Bxb4 Rb5 25. Rdc1 Reb8 26. Ba3 1-0